[Event "GER-chT U14 Girls"]
[Site "Neumuenster"]
[Date "2017.12.29"]
[Round "5.4"]
[White "Bashylina, Luisa"]
[Black "Shevchenko, Alyona"]
[Result "1-0"]
[WhiteElo "1690"]
[BlackElo "1176"]
[PlyCount "83"]
[EventDate "2017.12.26"]
[EventType "team-swiss"]
[EventRounds "7"]
[EventCountry "GER"]
[SourceTitle "CBM 182 Extra"]
[Source "ChessBase"]
[SourceDate "2018.02.23"]
[SourceVersion "1"]
[SourceVersionDate "2018.02.23"]
[SourceQuality "1"]
[WhiteTeam "Solingen SG"]
[BlackTeam "Karlsruhe SF"]
[WhiteTeamCountry "GER"]
[BlackTeamCountry "GER"]

1. e4 c6 2. Nf3 d5 3. exd5 cxd5 4. Ne5 Nf6 5. d4 Nbd7 6. Bd3 Qc7 7. f4 e6 8. 0-0 Be7 9. c3 0-0 10. Be3 b6 11. Rf3 Re8 12. Rh3 Nf8 13. Nd2 a5 14. Ndf3 Ba6 15. Bc2 b5 16. Ng5 Rec8 17. Nxh7 Bd8 18. Ng5 N8d7 19. Nexf7 Kf8 20. Nxe6+ Kxf7 21. Nxc7 Rxc7 22. Bf5 Nb6 23. Qd3 b4 24. Bg6+ Ke7 25. Qf5 Nbd7 26. Re1 Kd6 27. Bd2 Kc6 28. cxb4 axb4 29. Re6+ Kb7 30. Rb3 Kc8 31. Rxb4 Bb7 32. Qd3 Nf8 33. Re1 Nxg6 34. Qxg6 Rxa2 35. Qf5+ Nd7 36. Re8 Ba6 37. Qxd5 Ra1+ 38. Kf2 Rf1+ 39. Kg3 Rd1 40. Qa8+ Nb8 41. Rxb8+ Kd7 42. Rbxd8# 1-0

[Event "GER-chT U14 Girls"]
[Site "Neumuenster"]
[Date "2017.12.29"]
[Round "6.3"]
[White "Wolterink, Jule"]
[Black "Shevchenko, Alyona"]
[Result "1-0"]
[WhiteElo "1347"]
[BlackElo "1176"]
[PlyCount "67"]
[EventDate "2017.12.26"]
[EventType "team-swiss"]
[EventRounds "7"]
[EventCountry "GER"]
[SourceTitle "CBM 182 Extra"]
[Source "ChessBase"]
[SourceDate "2018.02.23"]
[SourceVersion "1"]
[SourceVersionDate "2018.02.23"]
[SourceQuality "1"]
[WhiteTeam "Nordhorn Blanke"]
[BlackTeam "Karlsruhe SF"]
[WhiteTeamCountry "GER"]
[BlackTeamCountry "GER"]

1. d4 c6 2. Bf4 d5 3. e3 Bf5 4. Nf3 e6 5. c3 Nf6 6. h3 h6 7. Nbd2 a6 8. Be2 c5 9. 0-0 Nc6 10. Ne5 Nxe5 11. Bxe5 Bd6 12. Nf3 0-0 13. Re1 Re8 14. Bd3 Bxd3 15. Qxd3 c4 16. Qc2 Bxe5 17. Nxe5 Ne4 18. f3 Nd6 19. e4 Rc8 20. Re2 h5 21. exd5 exd5 22. Rae1 Qc7 23. Qd2 Rf8 24. Qf4 Rcd8 25. Qh4 Nf5 26. Qg5 Qc8 27. Qf4 Nd6 28. g4 hxg4 29. Nxg4 Qf5 30. Nh6+ gxh6 31. Qxh6 Qh7 32. Rg2+ Kh8 33. Qf6+ Qg7 34. Qxg7# 1-0